00840nam a2200181 a 450000100100000000500170001000800410002702000150006804000250008324501000010826001070020830000280031570000320034371000500037595201050042595201110053099900170064100004310220201002040635.0140219s1993 sp a 000 0 spa d a8474839351 aDO-SdBNPbspacBNPHU00aCatalogo de las Monedas Antiguas de Oro del Museo Arqueologico Nacional /cCarmen Alfaro Asins. aMadrid :bDireccion general de bellas artes y archivosbMuseo arqueológico nacional (Madrid),c1993. a390 p. :bil. ;c30 cm.1 aAlfaro Asins, Carmen9706282 aMuseo arqueológico nacional (Madrid)970629 001050718MOaGRbGRcCTd2014-02-19iLF1l0o p43102-10r2020-06-25w2020-06-25y1ZNo se presta 001050718MOaGRbGRcCTd2014-02-20iLF1l0o p43102-20r2020-06-25te. 2w2020-06-25y1ZNo se presta c42591d42591